000
00312nam a22001337a 4500
999
_c
531592
_d
531592
003
NUST
038
_a
waseem
082
_a
913.3803
_b
BOW
100
_a
Bowra, C.M.
_9
24476
245
_a
Classical Greece /
_c
C.M. Bowra
260
_a
New York :
_b
Time Incorporated,
_c
1965.
300
_a
192 p. ;
942
_2
ddc
_c
BK